[Event "Scarborough CC Spring op U1700"]
[Site "Toronto"]
[Date "2009.06.18"]
[Round "8"]
[White "Rogers, Michael"]
[Black "Roe, Jim"]
[Result "0-1"]
[WhiteElo "1416"]
[BlackElo "1552"]
[PlyCount "62"]
[EventDate "2009.04.30"]
[EventType "swiss"]
[EventRounds "9"]
[EventCountry "CAN"]
[SourceTitle "EXT 2011"]
[Source "ChessBase"]
[SourceDate "2010.11.26"]
[SourceVersion "1"]
[SourceVersionDate "2010.11.26"]
[SourceQuality "1"]

1. e4 e6 2. d4 d5 3. Nd2 Nf6 4. e5 Nfd7 5. Bd3 c5 6. c3 Nc6 7. Ndf3 f5 8. Ne2 Be7 9. 0-0 0-0 10. Nf4 Nb6 11. g3 cxd4 12. cxd4 Bd7 13. a3 Rc8 14. Nh4 Bxh4 15. gxh4 Qxh4 16. Bb5 Qe7 17. Kh1 Nxe5 18. dxe5 Bxb5 19. Rg1 Bc6 20. Qh5 Be8 21. Qh3 Nc4 22. Nd3 Qc7 23. Bf4 Qf7 24. Bh6 g6 25. Rg3 Bc6 26. Bxf8 Qxf8 27. b3 Nd2 28. Nf4 Qf7 29. Rag1 Ne4 30. Rf3 d4 31. Qh4 Nd2 0-1

[Event "Scarborough CC Fall Swiss U1700"]
[Site "Toronto"]
[Date "2008.11.06"]
[Round "2"]
[White "Roe, Jim"]
[Black "Dattani, Dinesh"]
[Result "1-0"]
[WhiteElo "1530"]
[BlackElo "1315"]
[PlyCount "66"]
[EventDate "2008.10.30"]
[EventType "swiss"]
[EventRounds "8"]
[EventCountry "CAN"]
[SourceTitle "EXT 2011"]
[Source "ChessBase"]
[SourceDate "2010.11.26"]
[SourceVersion "1"]
[SourceVersionDate "2010.11.26"]
[SourceQuality "1"]

1. d4 d5 2. c4 c6 3. Nc3 Nf6 4. Nf3 e6 5. e3 Nbd7 6. Be2 dxc4 7. Bxc4 Be7 8. Bd2 0-0 9. 0-0 Qc7 10. Rc1 Nb6 11. Bb3 Bd6 12. Nb5 Qe7 13. Nxd6 Qxd6 14. a3 Qd7 15. Re1 Ne4 16. Ne5 Qd8 17. Bb4 Re8 18. f3 Nd6 19. Qd3 Nd5 20. Bc2 Nf5 21. Bd2 Nde7 22. g4 Ng6 23. Nxg6 hxg6 24. gxf5 gxf5 25. Bc3 f6 26. Re2 Kf7 27. Bb3 Rh8 28. Qxf5 g6 29. Qe4 f5 30. Qe5 Bd7 31. d5 Rh7 32. dxe6+ Bxe6 33. Qxe6+ Kf8 1-0

[Event "Scarborough CC-ch reserves"]
[Site "Toronto"]
[Date "2008.01.31"]
[Round "5"]
[White "Wu, Aaron"]
[Black "Roe, Jim"]
[Result "1-0"]
[WhiteElo "1724"]
[BlackElo "1603"]
[PlyCount "33"]
[EventDate "2008.01.03"]
[EventType "swiss"]
[EventRounds "10"]
[EventCountry "CAN"]
[SourceTitle "EXT 2011"]
[Source "ChessBase"]
[SourceDate "2010.11.26"]
[SourceVersion "1"]
[SourceVersionDate "2010.11.26"]
[SourceQuality "1"]

1. e4 e6 2. d4 d5 3. Nd2 Nf6 4. e5 Nfd7 5. Bd3 c5 6. c3 cxd4 7. cxd4 Nc6 8. Ne2 Be7 9. Nf3 0-0 10. Nf4 Nb6 11. h4 f5 12. exf6 gxf6 13. Bxh7+ Kxh7 14. Ng5+ fxg5 15. Qh5+ Kg8 16. Qg6+ Kh8 17. hxg5# 1-0

[Event "Scarborough CC Fall Swiss U1700"]
[Site "Toronto"]
[Date "2007.12.20"]
[Round "8"]
[White "Termeer, Ted"]
[Black "Roe, Jim"]
[Result "0-1"]
[WhiteElo "1514"]
[BlackElo "1553"]
[PlyCount "77"]
[EventDate "2007.11.01"]
[EventType "swiss"]
[EventRounds "8"]
[EventCountry "CAN"]
[SourceTitle "EXT 2022"]
[Source "ChessBase"]
[SourceDate "2021.10.06"]
[SourceVersion "1"]
[SourceVersionDate "2021.10.06"]
[SourceQuality "1"]

1. Nf3 e6 2. d4 d5 3. a3 c5 4. e3 Nc6 5. c3 Nf6 6. Bb5 Bd7 7. 0-0 Bd6 8. Bxc6 Bxc6 9. Ne5 Bb5 10. Re1 Qc7 11. f4 Ne4 12. Nd2 Nxd2 13. Bxd2 0-0 14. Rc1 f6 15. Ng4 Bd3 16. Nf2 Bb5 17. b4 cxd4 18. cxd4 Qd7 19. Kh1 Rac8 20. h4 Rxc1 21. Bxc1 Rc8 22. g4 Ba4 23. Qf3 Rc2 24. Nd3 b6 25. Re2 Rc3 26. Rd2 Bb5 27. Qd1 Ba4 28. Qe2 Rc7 29. g5 Bb5 30. Qe1 Qf7 31. gxf6 Bxd3 32. Rxd3 Qxf6 33. Rd2 Qf5 34. Rg2 Qe4 35. Kh2 Bxf4+ 36. Kg1 Rxc1 37. Qxc1 Bxe3+ 38. Qxe3 Qxe3+ 39. Kh2 0-1

[Event "Scarborough CC Fall Swiss U1700"]
[Site "Toronto"]
[Date "2007.11.29"]
[Round "5"]
[White "Roe, Jim"]
[Black "Xia, Linda"]
[Result "1-0"]
[WhiteElo "1553"]
[BlackElo "1329"]
[PlyCount "63"]
[EventDate "2007.11.01"]
[EventType "swiss"]
[EventRounds "8"]
[EventCountry "CAN"]
[SourceTitle "EXT 2022"]
[Source "ChessBase"]
[SourceDate "2021.10.06"]
[SourceVersion "1"]
[SourceVersionDate "2021.10.06"]
[SourceQuality "1"]

1. d4 d5 2. c4 e6 3. Nc3 Nf6 4. e3 c6 5. Nf3 Nbd7 6. Bd3 Be7 7. 0-0 0-0 8. Qc2 h6 9. a3 b6 10. b4 Bb7 11. c5 Rc8 12. Bb2 Re8 13. Ne2 Bf8 14. Ng3 b5 15. Rfe1 a6 16. Re2 g6 17. Rae1 Bg7 18. e4 Nf8 19. exd5 Nxd5 20. Bc1 Nh7 21. Ne4 Ne7 22. Nd6 Rc7 23. Nxe8 Qxe8 24. Ne5 Qd8 25. Re4 Nf5 26. Bb2 Nf6 27. Nxf7 Rxf7 28. Rxe6 Nxd4 29. Bxd4 Qxd4 30. Re7 Nd5 31. Re8+ Kh7 32. Bxg6# 1-0

[Event "Scarborough CC Early Summer Swiss"]
[Site "Toronto"]
[Date "2007.05.24"]
[Round "3"]
[White "Mesiti, Silvano"]
[Black "Roe, Jim"]
[Result "1-0"]
[WhiteElo "1798"]
[BlackElo "1603"]
[PlyCount "46"]
[EventDate "2007.05.10"]
[EventType "swiss"]
[EventRounds "8"]
[EventCountry "CAN"]
[SourceTitle "EXT 2022"]
[Source "ChessBase"]
[SourceDate "2021.10.06"]
[SourceVersion "1"]
[SourceVersionDate "2021.10.06"]
[SourceQuality "1"]

1. e4 e6 2. Nf3 d5 3. exd5 exd5 4. d4 Nf6 5. Be2 Be7 6. 0-0 0-0 7. Re1 Bg4 8. Nc3 c6 9. Ne5 Bxe2 10. Rxe2 Nbd7 11. Bg5 Re8 12. Qd3 Nf8 13. Rae1 Ne6 14. Nxf7 Kxf7 15. Rxe6 Qd7 16. Qe2 Ne4 17. Rxe7+ Rxe7 18. Bxe7 Qxe7 19. f3 Qb4 20. fxe4 Qxd4+ 21. Kh1 Qe5 22. exd5 Qxe2 23. Rxe2 Rd8 1-0

[Event "Scarborough CC Spring Swiss"]
[Site "Toronto"]
[Date "2007.04.05"]
[Round "4"]
[White "Dattani, Dinesh"]
[Black "Roe, Jim"]
[Result "0-1"]
[WhiteElo "1376"]
[BlackElo "1637"]
[PlyCount "62"]
[EventDate "2007.03.15"]
[EventType "swiss"]
[EventRounds "8"]
[EventCountry "CAN"]
[SourceTitle "EXT 2022"]
[Source "ChessBase"]
[SourceDate "2021.10.06"]
[SourceVersion "1"]
[SourceVersionDate "2021.10.06"]
[SourceQuality "1"]

1. d4 d5 2. c4 e6 3. Nf3 Nf6 4. e3 Nbd7 5. Nc3 b6 6. Bd3 dxc4 7. Bxc4 Bb7 8. 0-0 c5 9. d5 exd5 10. Bxd5 Nxd5 11. Nxd5 Nf6 12. Nxf6+ Qxf6 13. Nd2 Be7 14. Qb3 0-0 15. Nb1 Rad8 16. Bd2 Qg6 17. f3 Rd3 18. Qc4 Rfd8 19. Rd1 Bxf3 20. g3 Bxd1 21. Nc3 Rxd2 22. e4 Qf6 23. Nxd1 Rxd1+ 24. Rxd1 Rxd1+ 25. Kg2 Rd2+ 26. Kh3 Qf3 27. Qd5 Rxd5 28. exd5 h6 29. d6 Qf1+ 30. Kg4 h5+ 31. Kxh5 Qh3# 0-1